Las Fiestas navideñas
Colección:
San Jorge,
; núm. 5 (gener 1952), pàg 50
Idioma:
Español
MARC
| LEADER | 00000naa a2200000 a 4500 | ||
|---|---|---|---|
| 003 | Arxiu | ||
| 005 | 20260324181025.0 | ||
| 008 | 160829s1952 spc xx s spa c | ||
| 040 | |a agdb | ||
| 245 | 0 | 4 | |a Las Fiestas navideñas |
| 490 | |a San Jorge, |v núm. 5 (gener 1952), pàg 50 | ||
| 600 | 1 | 0 | |a Buxó de Abaigar, Joaquín, |c marqués de Castell-Florite, |d 1905-1979 |9 54201 |
| 650 | 0 | |a Nadal |9 23995 | |
| 773 | |g Núm. 5 (gener 1952), pàg 50 |t San Jorge. | ||
| 901 | |a Arxiu | ||
| 942 | |n 1 |2 udc |c ART | ||
| 952 | |0 0 |1 0 |4 0 |6 REV508 |7 1 |9 64623 |a Arxiu |b Arxiu |d 2022-12-02 |l 0 |o Rev-508 |r 2022-12-02 00:00:00 |w 2022-12-02 |y ARXIU |z També disponible a Rev-521 | ||
| 999 | |c 43916 |d 43916 | ||